A V4 országok turisztikai vonzerejének vizsgálata a Z generáció elvárásainak tükrében

Bibliográfiai részletek
Szerző: Friebert Dorina
További közreműködők: Hóka Péter
Dokumentumtípus: Diplomadolgozat
Kulcsszavak:élménykínálat
turisztikai vonzerő
utazási preferenciák
V4-régió
Z generáció
Online Access:http://dolgozattar.uni-bge.hu/59638

MARC

LEADER 00000nta a2200000 i 4500
001 dolg59638
005 20260409145341.0
008 260409suuuu hu om 000 hun d
040 |a BGE Dolgozattár Repozitórium  |b hun 
041 |a hu 
100 1 |a Friebert Dorina 
245 1 2 |a A V4 országok turisztikai vonzerejének vizsgálata a Z generáció elvárásainak tükrében  |c Friebert Dorina  |h [elektronikus dokumentum] 
520 3 |a A dolgozat célja feltárni, hogy milyen tényezők és desztinációs jellemzők befolyásolják a Z generáció turisztikai döntéseit, valamint milyen lehetőségek rejlenek a V4-régió kínálatának a generáció igényeihez való igazításában. A fiatalok megnyerése a turizmusban hozzájárulhat a régió rövid és hosszú távú fejlődéséhez, mivel e generáció hamarosan a turisztikai piac meghatározó fogyasztójává válik. A kutatás két megközelítést alkalmaz: egyrészt a Z generáció utazási preferenciáit és motivációit vizsgálja, másrészt a V4 országok turisztikai kínálatát elemzi. Az eredmények alapján a megfizethetőség, a különleges élménykínálat és a fenntarthatóság kulcsfontosságú szempontok. Jelenleg a régió nem tartozik a Z generáció legnépszerűbb úti céljai közé, azonban adottságai megfelelő alapot biztosíthatnak vonzerejének növeléséhez. 
695 |a élménykínálat 
695 |a turisztikai vonzerő 
695 |a utazási preferenciák 
695 |a V4-régió 
695 |a Z generáció 
700 1 |a Hóka Péter  |e ths 
856 4 0 |u http://dolgozattar.uni-bge.hu/59638/1/SZAKDOLGOZAT_FD_2025.pdf  |z Dokumentum-elérés 
856 4 0 |u http://dolgozattar.uni-bge.hu/59638/2/Friebert%20Dorina%20szakdolgozat%20b%C3%ADr%C3%A1lat%20.pdf  |z Dokumentum-elérés 
856 4 0 |u http://dolgozattar.uni-bge.hu/59638/3/B%C3%ADr%C3%A1lati%20lap.pdf  |z Dokumentum-elérés